Music Quiz

Random Music or Decade Quiz

Guns N' Roses Members Quiz Stats

 Plays Quiz not verified by Sporcle

Also try: 'One' Song Titles
Challenge
Share
Tweet
Embed
Score 0/17 Timer 05:00
0 Plays Today
decade member % Correct
80's-90'sSlash
99.6%
80's-nowAxl
98%
80's-90'sDuff
92.2%
80's-90'sIzzy
90.8%
80'sSteven Adler
75.6%
90'sMatt
74.5%
NowBuckethead
71.4%
90's-NowDizzy Reed
57.3%
90'sGilby
53.9%
decade member % Correct
NowBumblefoot
44.1%
NowDJ Ashba
41.6%
NowTommy Stinson
24.6%
Now Richard Fortus
22.4%
NowFrank Ferrer
20.1%
NowChris Pitman
16.6%
90'sPaul Huge
14.8%
2000'sRobert Fink
3.1%

You're not logged in!

Compare scores with friends on all Sporcle quizzes.
OR
Log In

You Might Also Like...

Show Comments

Extras

Created Dec 3, 2009ReportNominate
Tags:Decade Quiz, ever, gun, Guns N Roses, rose

Top Quizzes Today


Score Distribution

Your Account Isn't Verified!

In order to create a playlist on Sporcle, you need to verify the email address you used during registration. Go to your Sporcle Settings to finish the process.

Report this User

Report this user for behavior that violates our Community Guidelines.

Details: